Statistics for Gina Linetti Trivia Quiz

Click here to take the quiz!

General Stats

  • This quiz has been taken 11 times
  • The average score is 3 of 8

Answer Stats

QuestionsAnswers% Correct
Spirit Animal?Wolf
73%
Portrayed By?Chelsea Peretti
64%
Full Name?Regina Linetti
55%
Daughter?Enigma
45%
Mother?Darlene Linetti
27%
Occupation in Later Seasons?Internet Celebrity
27%
Father of Her Child?Milton Boyle
27%
Occupation in Early Seasons?Civil Administrator
9%

Score Distribution

Percentile by Number Answered

Percent of People with Each Score

Your Score History

You have not taken this quiz